|
|
|
|
| LEADER |
00000nam0a2200000 4500 |
| 001 |
84953 |
| 005 |
20231101213403.0 |
| 035 |
|
|
|a (RuTPU)RU\TPU\book\91286
|
| 090 |
|
|
|a 84953
|
| 100 |
|
|
|a 20051108d1972 m y0rusy50 ca
|
| 101 |
0 |
|
|a rus
|
| 102 |
|
|
|a RU
|
| 105 |
|
|
|a a j 001zy
|
| 200 |
1 |
|
|a Расчеты магистральных нетегазопроводов и нефтебаз
|e учебное пособие
|f А.С. Арзунян, А.В. Громов, И.И. Матецкий
|
| 210 |
|
|
|a Москва
|c Недра
|d 1972
|
| 215 |
|
|
|a 152 с.
|c ил.
|e 1 вкл.
|
| 320 |
|
|
|a Библиогр.: с. 152
|
| 606 |
1 |
|
|a Нефтегазопроводы
|x Проектирование
|2 stltpush
|3 (RuTPU)RU\TPU\subj\45631
|9 64824
|
| 606 |
1 |
|
|a Нефтебазы и нефтесклады
|x Проектирование
|2 stltpush
|3 (RuTPU)RU\TPU\subj\45546
|9 64744
|
| 610 |
1 |
|
|a газопроводы
|
| 610 |
1 |
|
|a нефтепроводы
|
| 610 |
1 |
|
|a газопроводы магистральные
|
| 610 |
1 |
|
|a магистральные нефтепроводы
|
| 610 |
1 |
|
|a нефтебазы
|
| 610 |
1 |
|
|a дипломное проектирование
|
| 610 |
1 |
|
|a дипломные проекты
|
| 610 |
1 |
|
|a расчеты
|
| 610 |
1 |
|
|a экономика
|
| 610 |
1 |
|
|a техника безопасности
|
| 610 |
1 |
|
|a учебные пособия
|
| 610 |
1 |
|
|a методические указания
|
| 610 |
1 |
|
|a геодезическая съемка
|
| 675 |
|
|
|a 622.692.4.07(075.3)
|v 3
|
| 675 |
|
|
|a 622.692.5(075.3)
|v 3
|
| 700 |
|
1 |
|a Арзунян
|b А.С.
|g Айрон Степанович
|
| 701 |
|
1 |
|a Громов
|b А.В.
|g Александр Владимирович
|
| 701 |
|
1 |
|a Матецкий
|b И.И.
|g Иосиф Иванович
|
| 801 |
|
1 |
|a RU
|b 63413507
|c 20051108
|g PSBO
|
| 801 |
|
2 |
|a RU
|b 63413507
|c 20191224
|g PSBO
|
| 942 |
|
|
|c BK
|